000
00265nam a2200097Ia 4500
082
_a
604.2 SIMM
245
0
_a
Manual of engineering drawing
100
_a
SIMMONS, C H London, 2009 3rd ed
_9
70066
942
_c
BK
008
210817s9999 xx 000 0 und d
999
_c
226795
_d
226794